[Event "Stuttgarter Stadtmeisterschaft A"]
[Site "Ditzingen"]
[Date "2015.05.14"]
[Round "1.1"]
[White "Gehringer, Frank"]
[Black "Bosiocic, Marin"]
[Result "1/2-1/2"]
[WhiteElo "2050"]
[BlackElo "2563"]
[PlyCount "88"]
[EventDate "2015.??.??"]
[WhiteTeam "SC Leinfelden"]
[BlackTeam "TSV Schönaich"]

1. e4 c5 2. Nf3 e6 3. c3 d5 4. exd5 exd5 5. d4 c4 6. Be2 Bd6 7. O-O Ne7 8. Na3
Bxa3 9. bxa3 O-O 10. Rb1 f6 11. Re1 Nbc6 12. a4 Qd6 13. Qd2 Ng6 14. h4 Rf7 15.
h5 Nge7 16. Qf4 Qxf4 17. Bxf4 b6 18. Nd2 Bf5 19. Rb2 Rd8 20. Nf1 g5 21. hxg6
hxg6 22. Ne3 Be6 23. Bf3 g5 24. Bc7 Rd7 25. Bg3 Nd8 26. a5 f5 27. axb6 f4 28.
Ng4 fxg3 29. Nh6+ Kg7 30. Nxf7 Kxf7 31. Rxe6 Nxe6 32. b7 Nc6 33. b8=Q Nxb8 34.
Rxb8 gxf2+ 35. Kxf2 Ke7 36. Bg4 Kd6 37. Re8 Rf7+ 38. Ke3 Nc7 39. Re5 Rf1 40.
Rxg5 Nb5 41. Rg6+ Kc7 42. Kd2 Ra1 43. Ra6 Kb7 44. Ra4 Rb1 1/2-1/2

[Event "Stuttgarter Stadtmeisterschaft A"]
[Site "Ditzingen"]
[Date "2015.05.14"]
[Round "1.2"]
[White "Ikonnikov, Vyacheslav"]
[Black "Keller, Harald"]
[Result "1-0"]
[WhiteElo "2560"]
[BlackElo "2049"]
[PlyCount "63"]
[EventDate "2015.??.??"]
[WhiteTeam "SF Bad Mergentheim"]
[BlackTeam "SV Rottweil"]

1. d4 Nf6 2. Nf3 e6 3. c4 Ne4 4. a3 d5 5. e3 Be7 6. Bd3 O-O 7. Qc2 f5 8. O-O
Nd7 9. Nc3 Ndf6 10. Ne2 g5 11. Ne5 c6 12. f3 Nd6 13. c5 Nf7 14. b4 Nd7 15. Nxd7
Qxd7 16. e4 Nh8 17. exf5 exf5 18. g4 fxg4 19. Bxh7+ Kg7 20. f4 Rf6 21. Ng3 Qe8
22. Bd3 Qf7 23. f5 Rh6 24. Bb2 Bf6 25. Rae1 Qc7 26. Re8 Rb8 27. Be2 Rh4 28. Qd1
Nf7 29. Bxg4 Nh6 30. Bh5 Bxf5 31. Rxb8 Qxb8 32. Rxf5 1-0

[Event "Stuttgarter Stadtmeisterschaft A"]
[Site "Ditzingen"]
[Date "2015.05.14"]
[Round "1.3"]
[White "Faulhaber, Rolf"]
[Black "Dgebuadze, Alexandre"]
[Result "0-1"]
[WhiteElo "2039"]
[BlackElo "2490"]
[PlyCount "72"]
[EventDate "2015.??.??"]
[WhiteTeam "SK Tauberbischofsheim"]

1. Nf3 c5 2. c4 Nc6 3. d4 cxd4 4. Nxd4 Nf6 5. Nc3 e6 6. a3 a6 7. e4 Qc7 8. Be3
b6 9. Be2 Bb7 10. f3 Rc8 11. Nxc6 Bxc6 12. Rc1 Bc5 13. Qd2 Nh5 14. Bxc5 bxc5
15. Qg5 Qf4 16. Qxf4 Nxf4 17. g3 Nxe2 18. Kxe2 Rb8 19. Rb1 Rb3 20. Na2 f5 21.
Nc1 Rxf3 22. Kxf3 Bxe4+ 23. Ke3 Bxh1 24. Nb3 Be4 25. Rc1 d6 26. Nd2 Bc6 27. b4
cxb4 28. axb4 Kd7 29. Ra1 Rb8 30. Rxa6 Rxb4 31. Ra7+ Rb7 32. Ra8 Rb3+ 33. Nxb3
Bxa8 34. Nd4 g6 35. h4 e5 36. Nb3 Bc6 0-1

[Event "Stuttgarter Stadtmeisterschaft A"]
[Site "Ditzingen"]
[Date "2015.05.14"]
[Round "1.4"]
[White "Karpatchev, Aleksandr"]
[Black "Häußler, Daniel"]
[Result "1-0"]
[WhiteElo "2466"]
[BlackElo "2000"]
[PlyCount "79"]
[EventDate "2015.??.??"]
[WhiteTeam "SF Bad Mergentheim"]
[BlackTeam "SC Ostfildern"]

1. e4 c5 2. c3 d5 3. exd5 Qxd5 4. Nf3 Nc6 5. d4 e5 6. Nxe5 Nxe5 7. dxe5 Qxe5+
8. Be2 Nf6 9. Na3 Be7 10. O-O O-O 11. Bf3 Qc7 12. Qb3 Rb8 13. Nb5 Qb6 14. c4
Be6 15. Bf4 Rbc8 16. Nc3 Qb4 17. Qxb4 cxb4 18. Nd5 Nxd5 19. cxd5 Bf5 20. Rfe1
Bf6 21. Be5 Bxe5 22. Rxe5 Bd7 23. d6 Bc6 24. Bg4 Rcd8 25. Rd1 Rfe8 26. f4 Kf8
27. Kf2 f6 28. Rc5 g6 29. g3 f5 30. Bf3 Bxf3 31. Kxf3 Rd7 32. g4 fxg4+ 33. Kxg4
b6 34. Rc7 Red8 35. Rxd7 Rxd7 36. f5 gxf5+ 37. Kxf5 Kf7 38. Ke5 Ke8 39. Rg1 Rf7
40. Ke6 1-0

[Event "Stuttgarter Stadtmeisterschaft A"]
[Site "Ditzingen"]
[Date "2015.05.14"]
[Round "1.5"]
[White "Hoeschele, Hans-Ulrich"]
[Black "Belezky, Alexander"]
[Result "0-1"]
[WhiteElo "2032"]
[BlackElo "2453"]
[PlyCount "130"]
[EventDate "2015.??.??"]
[WhiteTeam "Stuttgarter SF"]
[BlackTeam "FC Bayern München"]

1. d4 Nf6 2. Nf3 e6 3. e3 b6 4. Be2 Bb7 5. Nbd2 Be7 6. c4 c5 7. O-O O-O 8. dxc5
bxc5 9. b3 Nc6 10. Bb2 Qc7 11. Re1 Rfd8 12. Qc2 Nb4 13. Qb1 d5 14. a3 Nc6 15.
Qa2 a5 16. cxd5 exd5 17. Rac1 Ne4 18. Qa1 Nxd2 19. Nxd2 Bf8 20. Bf3 a4 21. Qb1
axb3 22. Nxb3 c4 23. Nd4 Nxd4 24. Bxd4 Ra6 25. a4 Bc6 26. Qf5 Qc8 27. Qh5 Rxa4
28. Bd1 Ra6 29. Bc2 h6 30. Ra1 Rxa1 31. Rxa1 Qe6 32. Ra6 Ra8 33. Rb6 g6 34. Qd1
Be7 35. Qb1 Bd8 36. Rb8 Qd6 37. Rxa8 Bxa8 38. g3 Be7 39. Kg2 Kh7 40. h4 Qb4 41.
Qd1 Qd6 42. Qf3 Qe6 43. h5 Bc6 44. hxg6+ fxg6 45. Qh5 Ba4 46. Bb1 Be8 47. Bc2
Bf6 48. Qd1 Kg7 49. Qa1 Bxd4 50. Qxd4+ Qf6 51. Qa7+ Bf7 52. Qd4 Qxd4 53. exd4
g5 54. f4 Bg6 55. f5 Bh5 56. Kf2 Bg4 57. Ke3 Kf6 58. Ba4 Bxf5 59. Bc6 Be6 60.
Ba4 h5 61. Bd1 Bg4 62. Bc2 Bf5 63. Bd1 h4 64. Bf3 Ke6 65. gxh4 gxh4 0-1

[Event "Stuttgarter Stadtmeisterschaft A"]
[Site "Ditzingen"]
[Date "2015.05.14"]
[Round "1.6"]
[White "Krassowizkij, Jaroslaw"]
[Black "Quernheim, Daniel"]
[Result "1-0"]
[WhiteElo "2436"]
[BlackElo "2029"]
[PlyCount "63"]
[EventDate "2015.??.??"]
[WhiteTeam "SV Jedesheim"]
[BlackTeam "SC Botnang"]

1. Nf3 d6 2. d4 f5 3. c4 Nf6 4. Nc3 g6 5. g3 Bg7 6. Bg2 O-O 7. O-O c6 8. Qc2
Qc7 9. e4 Nxe4 10. Nxe4 fxe4 11. Qxe4 Bf5 12. Qh4 e5 13. dxe5 dxe5 14. Rd1 Na6
15. Bg5 Qf7 16. Be7 Rfe8 17. Bd6 Bf6 18. Qh6 Bg7 19. Qe3 Qxc4 20. Bf1 Qe4 21.
Qxe4 Bxe4 22. Bc4+ Bd5 23. Rxd5 cxd5 24. Bxd5+ Kh8 25. Ng5 Bf6 26. Ne4 Rad8 27.
Rc1 Bg7 28. Bxb7 Nb8 29. Rc7 Bf8 30. Nf6 Rd7 31. Rxd7 Bxd6 32. Rxh7# 1-0

[Event "Stuttgarter Stadtmeisterschaft A"]
[Site "Ditzingen"]
[Date "2015.05.14"]
[Round "1.7"]
[White "Baumann, Arend"]
[Black "Gutman, Lev"]
[Result "0-1"]
[WhiteElo "2028"]
[BlackElo "2438"]
[PlyCount "38"]
[EventDate "2015.??.??"]
[WhiteTeam "SGem Vaihingen-Rohr"]
[BlackTeam "SV Lingen"]

1. d4 Nf6 2. c4 g6 3. Nc3 d5 4. Nf3 Bg7 5. e3 O-O 6. cxd5 Nxd5 7. Qb3 Nb6 8.
Bd2 Nc6 9. Be2 e5 10. dxe5 Nxe5 11. Nxe5 Bxe5 12. Rd1 Qh4 13. g3 Qh3 14. Bf1
Qf5 15. Bg2 Be6 16. Qb4 Bc4 17. e4 Qh5 18. f3 Bd6 19. Nd5 Bxd5 0-1

[Event "Stuttgarter Stadtmeisterschaft A"]
[Site "Ditzingen"]
[Date "2015.05.14"]
[Round "1.8"]
[White "Niklasch, Oliver"]
[Black "Hirtreiter, Pierre"]
[Result "1/2-1/2"]
[WhiteElo "2325"]
[BlackElo "2027"]
[PlyCount "78"]
[EventDate "2015.??.??"]
[WhiteTeam "SK Schmiden/Cannstatt"]
[BlackTeam "SK München Südost"]

1. g3 Nf6 2. Bg2 g6 3. c4 e5 4. Nc3 Bg7 5. Nf3 Nc6 6. d4 exd4 7. Nxd4 Nxd4 8.
Qxd4 O-O 9. O-O Re8 10. Qd2 d6 11. Rd1 Qe7 12. b3 Ne4 13. Bxe4 Bxc3 14. Qxc3
Qxe4 15. Bb2 Qe5 16. Rd4 Bd7 17. Re1 Bc6 18. Qd2 Qe7 19. Rh4 f5 20. Rd4 Rad8
21. h4 b6 22. Ba1 h5 23. Qh6 Qh7 24. Qg5 Qf7 25. Kf1 Kh7 26. Qd2 Re4 27. Rd1
Rde8 28. e3 Qd7 29. Qc3 a5 30. Rxd6 cxd6 31. Rxd6 Qb7 32. Rxc6 R4e5 33. Rd6
Rxe3 34. fxe3 Qf3+ 35. Kg1 Qxg3+ 36. Kf1 Qf3+ 37. Kg1 Qg3+ 38. Kf1 Qf3+ 39. Kg1
Qg3+ 1/2-1/2

[Event "Stuttgarter Stadtmeisterschaft A"]
[Site "Ditzingen"]
[Date "2015.05.14"]
[Round "1.9"]
[White "Jurasin, Marin"]
[Black "Kabisch, Thilo"]
[Result "0-1"]
[WhiteElo "2021"]
[BlackElo "2298"]
[PlyCount "54"]
[EventDate "2015.??.??"]
[WhiteTeam "SG Schönbuch"]
[BlackTeam "SK Schmiden/Cannstatt"]

1. Nf3 d6 2. d4 Nf6 3. Nbd2 c5 4. e4 cxd4 5. Nxd4 g6 6. Bb5+ Nbd7 7. O-O Bg7 8.
a4 O-O 9. c3 Nc5 10. Qe2 a6 11. Bc4 Bd7 12. a5 e5 13. Nc2 Bc6 14. f3 d5 15.
exd5 Nxd5 16. Bxd5 Bxd5 17. Rd1 Qc7 18. Nc4 Rad8 19. N2e3 Be6 20. Rxd8 Rxd8 21.
Nb6 Nb3 22. Rb1 Nxa5 23. Na4 Ba2 24. Ra1 Nb3 25. Rxa2 Nxc1 26. Qc2 Nxa2 27. b4
Nxb4 0-1

[Event "Stuttgarter Stadtmeisterschaft A"]
[Site "Ditzingen"]
[Date "2015.05.14"]
[Round "1.10"]
[White "Bergauz, Noam"]
[Black "Longo, Claudio"]
[Result "1-0"]
[WhiteElo "2296"]
[BlackElo "2013"]
[PlyCount "41"]
[EventDate "2015.??.??"]
[WhiteTeam "SK München Südost"]
[BlackTeam "SK Germering"]

1. e4 d5 2. exd5 Nf6 3. Nf3 Nxd5 4. g3 g6 5. Bg2 Bg7 6. O-O O-O 7. d4 c6 8. b3
Nd7 9. c4 N5b6 10. a4 a5 11. Re1 Re8 12. Ba3 e6 13. Nc3 Nf6 14. Qd2 Qc7 15.
Rad1 Bd7 16. Ne5 Red8 17. Qf4 Rdc8 18. Be7 Nh5 19. Qxf7+ Kh8 20. Bc5 Bxe5 21.
dxe5 1-0

[Event "Stuttgarter Stadtmeisterschaft A"]
[Site "Ditzingen"]
[Date "2015.05.14"]
[Round "1.11"]
[White "Pelezki, Eugen"]
[Black "Piskur, Mitja"]
[Result "0-1"]
[WhiteElo "2010"]
[BlackElo "2272"]
[PlyCount "76"]
[EventDate "2015.??.??"]
[WhiteTeam "SV Wendlingen"]

1. c4 f5 2. Nc3 Nf6 3. d4 g6 4. h4 Bg7 5. h5 Nxh5 6. Rxh5 gxh5 7. e4 O-O 8.
Qxh5 Nc6 9. Nf3 d6 10. Bd3 Nb4 11. Bb1 e5 12. exf5 exd4 13. Nb5 Bxf5 14. Nbxd4
Qe8+ 15. Qxe8 Raxe8+ 16. Be3 Bg4 17. a3 Bxf3 18. Nxf3 Bxb2 19. axb4 Bxa1 20.
Kd2 Rxf3 21. gxf3 a6 22. f4 b6 23. Bf5 c5 24. Kd3 cxb4 25. Bxb6 Rf8 26. Be6+
Kg7 27. c5 dxc5 28. Bxc5 Rxf4 29. Be3 Rf6 30. Bb3 h5 31. Ba4 h4 32. Bg5 Rd6+
33. Ke4 h3 34. Kf3 Rd3+ 35. Ke2 h2 36. Bc6 Rd6 37. Bb7 Be5 38. Be3 b3 0-1

[Event "Stuttgarter Stadtmeisterschaft A"]
[Site "Ditzingen"]
[Date "2015.05.14"]
[Round "1.12"]
[White "Latzke, Boris Alexander"]
[Black "Pfeifer, Wilfried"]
[Result "1-0"]
[WhiteElo "2265"]
[BlackElo "2007"]
[PlyCount "35"]
[EventDate "2015.??.??"]
[WhiteTeam "SK Bebenhausen"]
[BlackTeam "TSF Ditzingen"]

1. d4 f5 2. Nc3 Nf6 3. Bg5 d5 4. Bxf6 exf6 5. e3 c6 6. Bd3 Be6 7. Qf3 g6 8.
Nge2 Bd6 9. Nf4 Bf7 10. h3 Nd7 11. g4 fxg4 12. hxg4 Nf8 13. O-O-O Qc7 14. Nfxd5
Bxd5 15. Nxd5 cxd5 16. Qxf6 Rg8 17. Bb5+ Nd7 18. Rxh7 1-0

[Event "Stuttgarter Stadtmeisterschaft A"]
[Site "Ditzingen"]
[Date "2015.05.14"]
[Round "1.13"]
[White "Boyens, Birger"]
[Black "Bilchinski, Anton"]
[Result "0-1"]
[WhiteElo "1997"]
[BlackElo "2252"]
[PlyCount "120"]
[EventDate "2015.??.??"]
[WhiteTeam "Husumer SV"]
[BlackTeam "SK Göggingen"]

1. e4 e5 2. Nf3 Nf6 3. Nc3 d6 4. d4 Nbd7 5. Bc4 Be7 6. O-O O-O 7. Bb3 c6 8. a4
Qc7 9. a5 Rb8 10. Qe2 b5 11. axb6 axb6 12. h3 b5 13. Bd2 exd4 14. Nxd4 Nc5 15.
Rfe1 b4 16. Na2 Ncxe4 17. Nxb4 Nxd2 18. Qxd2 c5 19. Nbc6 cxd4 20. Nxb8 Bb7 21.
Na6 Qc6 22. f3 Bd8 23. Nb4 Qc5 24. Nd3 Qh5 25. Ra7 Bc6 26. Ra6 Bb7 27. Raa1 Nd7
28. Qf4 Qg6 29. Qg4 Qxg4 30. hxg4 Nc5 31. Nxc5 dxc5 32. Ra7 Bc6 33. Re5 d3 34.
Rf5 c4 35. Ra6 cxb3 36. Rxc6 bxc2 37. Rd5 Bg5 38. Rxd3 c1=Q+ 39. Rxc1 Bxc1 40.
b4 g6 41. b5 Rb8 42. Rb3 Bf4 43. Kf1 Bc7 44. Ke2 Bb6 45. Kd3 Rd8+ 46. Ke4 f6
47. f4 Rd4+ 48. Kf3 Rc4 49. f5 Ba5 50. b6 Rc3+ 51. Rxc3 Bxc3 52. Ke4 Be5 53. g5
Kf7 54. g4 Bh2 55. gxf6 Kxf6 56. b7 g5 57. Kf3 h5 58. Kg2 Bb8 59. Kf3 hxg4+ 60.
Kxg4 Bc7 0-1

[Event "Stuttgarter Stadtmeisterschaft A"]
[Site "Ditzingen"]
[Date "2015.05.14"]
[Round "1.14"]
[White "Schröder, Kevin"]
[Black "Schuster, Gerhard"]
[Result "1-0"]
[WhiteElo "2244"]
[BlackElo "1997"]
[PlyCount "63"]
[EventDate "2015.??.??"]
[WhiteTeam "LSV Turm Lippstadt"]
[BlackTeam "SC Feuerbach"]

1. e4 c6 2. Nc3 d5 3. Nf3 dxe4 4. Nxe4 Nf6 5. Nxf6+ gxf6 6. d4 Bg4 7. Be2 Nd7
8. Bf4 Qb6 9. O-O O-O-O 10. Bg3 h5 11. h3 Bxf3 12. Bxf3 h4 13. Bh2 Ne5 14. c3
Qxb2 15. Bxe5 fxe5 16. Qa4 Qb6 17. Rab1 Qa6 18. Qxa6 bxa6 19. Bxc6 Rd6 20. Bb7+
Kc7 21. dxe5 Rg6 22. Bd5 e6 23. Be4 Rg5 24. Rb7+ Kc8 25. f4 Rg3 26. Rxf7 Rhg8
27. Bf3 Bc5+ 28. Kh2 Rd8 29. Rh7 Rd2 30. Rxh4 Rg6 31. f5 Rg8 32. Rc4 1-0

[Event "Stuttgarter Stadtmeisterschaft A"]
[Site "Ditzingen"]
[Date "2015.05.14"]
[Round "1.15"]
[White "Klaus, Dominik"]
[Black "Gretz, Denis"]
[Result "0-1"]
[WhiteElo "1991"]
[BlackElo "2241"]
[PlyCount "48"]
[EventDate "2015.??.??"]
[WhiteTeam "Ssg Fils-Lauter"]
[BlackTeam "SK Königsbrunn"]

1. d4 f5 2. Nf3 Nf6 3. g3 g6 4. Bg2 Bg7 5. O-O O-O 6. b3 d6 7. Bb2 Qe8 8. Nbd2
Nc6 9. c4 e5 10. d5 Ne7 11. e4 fxe4 12. Ng5 e3 13. fxe3 Nf5 14. Re1 Bh6 15. e4
Bxg5 16. exf5 gxf5 17. c5 Ng4 18. Nc4 f4 19. Bf3 Qh5 20. Qe2 fxg3 21. hxg3 Rxf3
22. Qxf3 Qh2+ 23. Kf1 Nh6 24. Re3 Bg4 0-1

[Event "Stuttgarter Stadtmeisterschaft A"]
[Site "Ditzingen"]
[Date "2015.05.14"]
[Round "1.16"]
[White "Lorscheid, Gerhard"]
[Black "Unger, Franz"]
[Result "1-0"]
[WhiteElo "2237"]
[BlackElo "1985"]
[PlyCount "37"]
[EventDate "2015.??.??"]
[WhiteTeam "Stuttgarter SF"]
[BlackTeam "SK Sachsenheim"]

1. d4 Nf6 2. c4 c5 3. d5 e6 4. Nc3 exd5 5. cxd5 d6 6. e4 g6 7. Nge2 Bg7 8. Ng3
a6 9. a4 Nbd7 10. Be2 O-O 11. O-O h5 12. Bg5 Qb6 13. Qd2 Qb4 14. a5 b5 15. axb6
Qxb6 16. Rfb1 Ne5 17. h3 Re8 18. b4 Bb7 19. bxc5 1-0

[Event "Stuttgarter Stadtmeisterschaft A"]
[Site "Ditzingen"]
[Date "2015.05.14"]
[Round "1.17"]
[White "Müller, Anja"]
[Black "Gibicar, Danijel"]
[Result "0-1"]
[WhiteElo "1975"]
[BlackElo "2233"]
[PlyCount "106"]
[EventDate "2015.??.??"]
[WhiteTeam "SC Ingersheim"]
[BlackTeam "SK Bebenhausen"]

1. d4 Nf6 2. c4 c5 3. d5 b5 4. Nd2 bxc4 5. e4 c3 6. bxc3 g6 7. c4 d6 8. Bb2 Bg7
9. Qc2 Nbd7 10. f4 O-O 11. Bd3 Rb8 12. Bc3 Nh5 13. Bxg7 Kxg7 14. Qc3+ Kg8 15.
Ne2 e5 16. dxe6 fxe6 17. O-O e5 18. f5 Qg5 19. Bc2 Ndf6 20. Nf3 Qh6 21. Rab1
Rxb1 22. Bxb1 gxf5 23. exf5 Ng4 24. Qd2 Qe3+ 25. Qxe3 Nxe3 26. Rc1 Bxf5 27.
Bxf5 Nxf5 28. g4 Ne3 29. Nxe5 Nf4 30. Nxf4 Rxf4 31. Nc6 Nxc4 32. Nxa7 d5 33. h3
Kf7 34. Nb5 Ke6 35. Re1+ Kd7 36. Kg2 Nd6 37. Nc3 Kc6 38. Rd1 d4 39. Ne2 Rf8 40.
Nxd4+ cxd4 41. Rxd4 Kc5 42. Rd2 Ra8 43. Rc2+ Nc4 44. Kg3 Kd4 45. Kh4 Ra5 46. g5
Ra3 47. Rh2 Ke4 48. Kh5 Ra6 49. Rf2 Ne5 50. h4 Nd3 51. Rf7 Nf4+ 52. Kg4 h5+ 53.
gxh6 Rg6# 0-1

[Event "Stuttgarter Stadtmeisterschaft A"]
[Site "Ditzingen"]
[Date "2015.05.14"]
[Round "1.18"]
[White "Aring, Gerd"]
[Black "Sand, Rolf"]
[Result "1-0"]
[WhiteElo "2209"]
[BlackElo "1969"]
[PlyCount "125"]
[EventDate "2015.??.??"]
[WhiteTeam "SV Nürtingen"]
[BlackTeam "SV Tübingen"]

1. d4 Nf6 2. c4 g6 3. Nc3 d5 4. Nf3 Bg7 5. e3 O-O 6. cxd5 Nxd5 7. Bc4 Nb6 8.
Be2 Nc6 9. O-O Bg4 10. Bd2 e5 11. dxe5 Bxf3 12. Bxf3 Nxe5 13. Bxb7 Rb8 14. Ba6
Nbc4 15. Bc1 Nxb2 16. Qc2 Nec4 17. Bxb2 Rxb2 18. Qc1 Qf6 19. Bxc4 Qxc3 20. Qxc3
Bxc3 21. Rac1 Bd2 22. Rb1 Rfb8 23. Bb3 Rxb1 24. Rxb1 Kf8 25. Kf1 Rd8 26. Rd1
Rd6 27. Ke2 Bb4 28. Rc1 Ba5 29. Rc4 Kg7 30. Re4 Kf8 31. Rf4 Rd7 32. g4 Bb6 33.
g5 Re7 34. h4 Kg7 35. Bd5 Rd7 36. Bb3 Ba5 37. Kf3 Bc3 38. Rc4 Ba5 39. Ra4 Bb6
40. Re4 h5 41. Ba4 Rd6 42. Bb3 Kf8 43. Rf4 Rd7 44. Be6 Re7 45. Bd5 Kg7 46. e4
Bd4 47. Kg2 c5 48. Rf3 Rc7 49. Bc4 Re7 50. Ra3 Kf8 51. Bd5 Rc7 52. Ra4 Ke7 53.
f4 Rd7 54. Bc4 Bc3 55. f5 a5 56. f6+ Kf8 57. Bd5 Ra7 58. Rc4 Bd4 59. Rc1 a4 60.
Rb1 Be5 61. Rb5 Bd6 62. Rb6 Rd7 63. Ra6 1-0

[Event "Stuttgarter Stadtmeisterschaft A"]
[Site "Ditzingen"]
[Date "2015.05.14"]
[Round "1.19"]
[White "Zeller, Elisa"]
[Black "Pitschka, Claus"]
[Result "0-1"]
[WhiteElo "1956"]
[BlackElo "2208"]
[PlyCount "68"]
[EventDate "2015.??.??"]
[WhiteTeam "SF Göppingen"]
[BlackTeam "SC Garching"]

1. e4 Nf6 2. Nc3 e5 3. Bc4 Bb4 4. Nd5 Nxd5 5. exd5 d6 6. Ne2 O-O 7. O-O c5 8.
c3 Ba5 9. d4 cxd4 10. cxd4 Nd7 11. a3 Re8 12. Ba2 Bb6 13. Be3 e4 14. Nc3 Nf6
15. Re1 Bf5 16. Rc1 h6 17. Bf4 a6 18. b4 Rc8 19. a4 Re7 20. Qd2 Rec7 21. h3 Ba7
22. g4 Bg6 23. b5 Bb6 24. Ne2 axb5 25. axb5 Nh7 26. Rxc7 Rxc7 27. Ng3 Rc8 28.
Rc1 Rxc1+ 29. Qxc1 Bxd4 30. Qc4 Bc5 31. Nxe4 Bxe4 32. Qxe4 Qh4 33. Qg2 Qf6 34.
Qe4 Qb2 0-1

[Event "Stuttgarter Stadtmeisterschaft A"]
[Site "Ditzingen"]
[Date "2015.05.14"]
[Round "1.20"]
[White "Cofman, Veaceslav"]
[Black "Baenziger, Fabian"]
[Result "1/2-1/2"]
[WhiteElo "2145"]
[BlackElo "1954"]
[PlyCount "79"]
[EventDate "2015.??.??"]
[WhiteTeam "Karlsruher SF"]

1. d4 Nf6 2. c4 c5 3. Nf3 cxd4 4. Nxd4 e6 5. g3 d5 6. Bg2 e5 7. Nf3 d4 8. O-O
Nc6 9. Ng5 h6 10. Ne4 Nxe4 11. Bxe4 Be6 12. b3 Qd7 13. Ba3 Bxa3 14. Nxa3 f5 15.
Bg2 O-O 16. f4 e4 17. Qd2 Qe7 18. Nc2 Rfd8 19. Rad1 a5 20. Qc1 Qc5 21. Kh1 Rd7
22. Rd2 Rad8 23. Rfd1 a4 24. Qa3 Qxa3 25. Nxa3 axb3 26. axb3 Nb4 27. Nb5 d3 28.
exd3 Nxd3 29. Kg1 e3 30. Ra2 e2 31. Rxe2 Nxf4 32. gxf4 Rxd1+ 33. Kf2 Bf7 34.
Bxb7 Bh5 35. Rb2 g5 36. c5 gxf4 37. c6 R1d2+ 38. Rxd2 Rxd2+ 39. Ke1 Rd1+ 40.
Kf2 1/2-1/2

[Event "Stuttgarter Stadtmeisterschaft A"]
[Site "Ditzingen"]
[Date "2015.05.14"]
[Round "1.21"]
[White "Sieweck, Philipp"]
[Black "Bräuner, Uwe"]
[Result "0-1"]
[WhiteElo "1953"]
[BlackElo "2185"]
[PlyCount "44"]
[EventDate "2015.??.??"]
[WhiteTeam "SG Turm Kiel"]
[BlackTeam "SF Pfullingen"]

1. e4 e6 2. d3 Nc6 3. Nf3 e5 4. Be2 Nf6 5. Bg5 h6 6. Bc1 d5 7. Nbd2 Be6 8. c3
a5 9. b3 Be7 10. Bb2 O-O 11. O-O Qd7 12. Qc2 Rad8 13. Rac1 Bd6 14. Rfd1 dxe4
15. dxe4 Qe7 16. Nc4 Bxc4 17. Bxc4 Bc5 18. Nh4 Ng4 19. g3 Rxd1+ 20. Qxd1 Nxf2
21. Qh5 Qg5 22. Qe2 Nd3+ 0-1

[Event "Stuttgarter Stadtmeisterschaft A"]
[Site "Ditzingen"]
[Date "2015.05.14"]
[Round "1.22"]
[White "Doll, Michael"]
[Black "Schönhof, Timo"]
[Result "0-1"]
[WhiteElo "2182"]
[BlackElo "1947"]
[PlyCount "60"]
[EventDate "2015.??.??"]
[WhiteTeam "SV Nürtingen"]
[BlackTeam "C4 Chess Club"]

1. d4 Nf6 2. Bg5 Ne4 3. Bf4 d5 4. e3 c6 5. c4 Qa5+ 6. Nc3 Nxc3 7. Qd2 e5 8.
Bxe5 Bb4 9. a3 Na6 10. Rc1 Ne4 11. axb4 Nxb4 12. Qd1 Nd3+ 13. Ke2 Ndxf2 14. Qe1
Qxe1+ 15. Kxe1 O-O 16. Nf3 Nxh1 17. Rc2 Be6 18. c5 f6 19. Bc7 Rf7 20. Ba5 g5
21. Be2 Nhf2 22. h3 Nh1 23. g4 Nhg3 24. Bd3 h5 25. Nh2 hxg4 26. hxg4 Rh7 27.
Kd1 Kg7 28. Be1 Nh1 29. Rg2 Rah8 30. Nf1 Bxg4+ 0-1

[Event "Stuttgarter Stadtmeisterschaft A"]
[Site "Ditzingen"]
[Date "2015.05.14"]
[Round "1.23"]
[White "Notz, Lukas"]
[Black "Braun, Joachim"]
[Result "0-1"]
[WhiteElo "1849"]
[BlackElo "2177"]
[PlyCount "100"]
[EventDate "2015.??.??"]
[WhiteTeam "SV Dettingen Erms"]
[BlackTeam "SF Birkenfeld"]

1. c4 e5 2. g3 Nc6 3. Bg2 g6 4. Nc3 Bg7 5. d3 d6 6. Rb1 a5 7. a3 Be6 8. e3 Qd7
9. b4 axb4 10. axb4 Nge7 11. Nge2 Bh3 12. Bxh3 Qxh3 13. Ng1 Qd7 14. b5 Nd8 15.
Nge2 Ne6 16. e4 O-O 17. O-O f5 18. Nd5 Nc5 19. Be3 Nxd5 20. exd5 Ra3 21. Bxc5
dxc5 22. f4 e4 23. dxe4 fxe4 24. Rb3 Ra1 25. Qc2 Rxf1+ 26. Kxf1 Qh3+ 27. Kg1
Re8 28. b6 cxb6 29. Rxb6 Bd4+ 30. Nxd4 cxd4 31. Qa4 Qc8 32. Rxb7 e3 33. Rb1 e2
34. Kf2 d3 35. Ke1 Re4 36. Qa3 Rd4 37. Kd2 Rxd5 38. Rb8 Qxb8 39. cxd5 Qe8 40.
Qa1 Qe7 41. Qb1 Kg7 42. g4 Kh6 43. g5+ Kh5 44. h3 h6 45. gxh6 Kxh6 46. Qa1 Kh7
47. Qb1 Qe4 48. f5 Qxf5 49. Qb7+ Kh6 50. Qe7 Qg5+ 0-1

[Event "Stuttgarter Stadtmeisterschaft A"]
[Site "Ditzingen"]
[Date "2015.05.14"]
[Round "1.24"]
[White "Denisow, Jewgeny"]
[Black "Braun, Rüdiger-Thomas"]
[Result "1-0"]
[WhiteElo "2170"]
[BlackElo "1940"]
[PlyCount "51"]
[EventDate "2015.??.??"]
[WhiteTeam "SG Schwäbisch Gmünd"]
[BlackTeam "SF Birkenfeld"]

1. e4 c5 2. d4 cxd4 3. c3 dxc3 4. Nxc3 e6 5. Nf3 a6 6. Bc4 b5 7. Bb3 Nc6 8. O-O
Nge7 9. Bg5 f6 10. Be3 Na5 11. Bxe6 dxe6 12. Qxd8+ Kxd8 13. Bb6+ Ke8 14. Bxa5
Nc6 15. Bb6 Bd6 16. Rfd1 Ke7 17. a4 b4 18. Ne2 a5 19. Rac1 Bb7 20. Nd2 Ne5 21.
Bc7 Ra6 22. f4 Nc6 23. Bxd6+ Kxd6 24. Nb3+ Kc7 25. Nc5 Raa8 26. Rd7+ 1-0

[Event "Stuttgarter Stadtmeisterschaft A"]
[Site "Ditzingen"]
[Date "2015.05.14"]
[Round "1.25"]
[White "Gibicar, Marc"]
[Black "Flick, Antoine"]
[Result "0-1"]
[WhiteElo "1938"]
[BlackElo "2167"]
[PlyCount "90"]
[EventDate "2015.??.??"]
[WhiteTeam "Spvgg Böblingen"]

1. d4 Nf6 2. c4 g6 3. g3 Bg7 4. Bg2 d5 5. cxd5 Nxd5 6. e4 Nb6 7. Nf3 Bg4 8. d5
c6 9. h3 Bxf3 10. Qxf3 cxd5 11. exd5 O-O 12. O-O N8d7 13. Nc3 Nc4 14. Qe2 Rc8
15. Rb1 Re8 16. Bg5 h6 17. Bf4 Ndb6 18. Rfd1 Qd7 19. Ne4 g5 20. Bc1 Qf5 21. b3
Nd6 22. g4 Qg6 23. Bb2 Rcd8 24. Bxg7 Qxg7 25. Ng3 Nd7 26. Rbc1 Qe5 27. Qd2 Rc8
28. Re1 Rxc1 29. Qxc1 Qd4 30. Qc7 Ne5 31. Ne4 Qb6 32. Qc3 Ng6 33. Ng3 Rc8 34.
Qd2 Qc5 35. Nf5 Nxf5 36. gxf5 Nf4 37. h4 Qd6 38. hxg5 hxg5 39. Be4 Kg7 40. Bf3
f6 41. Re6 Nxe6 42. fxe6 Rh8 43. Bg2 a6 44. Qd4 Rd8 45. Be4 Qxe6 0-1

[Event "Stuttgarter Stadtmeisterschaft A"]
[Site "Ditzingen"]
[Date "2015.05.14"]
[Round "1.26"]
[White "Khadempour, Farhad"]
[Black "Schnepel, Thomas"]
[Result "1-0"]
[WhiteElo "2139"]
[BlackElo "1930"]
[PlyCount "51"]
[EventDate "2015.??.??"]
[WhiteTeam "SV Tübingen"]
[BlackTeam "SC Pforzheim"]

1. c4 Nf6 2. Nc3 e5 3. g3 Bb4 4. Bg2 O-O 5. Nf3 Bxc3 6. bxc3 Re8 7. O-O e4 8.
Nd4 d5 9. cxd5 Qxd5 10. Qb3 Qh5 11. f3 Na6 12. Ba3 Rb8 13. Rae1 c5 14. Nb5 c4
15. Qxc4 Be6 16. Qa4 Bd7 17. c4 Nc5 18. Qxa7 b6 19. Qc7 Ne6 20. Qd6 Red8 21.
Qb4 Ng5 22. Nd6 exf3 23. exf3 Bc6 24. Qc3 Rd7 25. Re5 Qg6 26. Nf5 1-0

[Event "Stuttgarter Stadtmeisterschaft A"]
[Site "Ditzingen"]
[Date "2015.05.14"]
[Round "1.27"]
[White "Schömbs, Oliver"]
[Black "Bergner, Philipp"]
[Result "0-1"]
[WhiteElo "1920"]
[BlackElo "2149"]
[PlyCount "70"]
[EventDate "2015.??.??"]
[WhiteTeam "SC Ingersheim"]
[BlackTeam "SK Bebenhausen"]

1. e4 c5 2. Nf3 d6 3. d4 cxd4 4. Nxd4 Nf6 5. Nc3 a6 6. g3 e5 7. Nb3 b5 8. Bg2
Bb7 9. O-O Be7 10. Be3 Nbd7 11. Qe2 Rc8 12. Rad1 O-O 13. a3 Qc7 14. Nc1 Nb6 15.
N1a2 Nc4 16. Bc1 Qb8 17. Nd5 Nxd5 18. exd5 Qc7 19. Nc3 Nxa3 20. f4 Nc4 21. f5
f6 22. Rd3 Bd8 23. Ne4 Nb6 24. Rfd1 Qd7 25. Qh5 Rxc2 26. g4 Bxd5 27. Nxf6+ Rxf6
28. Bxd5+ Nxd5 29. Rxd5 Rxc1 30. Rxc1 Rh6 31. Rxd6 Rxd6 32. g5 Rd2 33. Rf1 Qd4+
34. Kh1 Qe4+ 35. Rf3 Qe1+ 0-1